| 000 | 01553nam1a22003371i 4500 | ||
|---|---|---|---|
| 001 | rc\3020512 | ||
| 005 | 20260406113854.0 | ||
| 035 | _a(NLR Aleph) 007162614 | ||
| 090 |
_a7264658 _c7264658 |
||
| 100 | _a20080304d1935 |||y0rusy50 ca | ||
| 101 | 0 | _arus | |
| 102 | _aRU | ||
| 105 | _ay z ||||y | ||
| 200 | 1 |
_aИзбранные сочинения _eВ 5 томах. Т. 1- _fД.Н. Мамин-Сибиряк |
|
| 210 |
_aСвердловск _cСвердлгиз _d1935 _gтип. треста "Полиграфкнига" |
||
| 215 | _d23×16 см | ||
| 300 | _aСупер-обл. и портр.: Г.А. Иванов | ||
| 300 | _aПереплет и форзац: В. Свитальский | ||
| 300 | _aИл.: Жуков | ||
| 300 | _aЗаставка и концовки: П.М. Моренин | ||
| 327 | 0 | _aВступ. статья: "Мамин-Сибиряк". А.С. Ладейщиков и К.В. Боголюбов | |
| 464 | 0 |
_12001#$aД. Н. Мамин-Сибиряк _1700#1$aЛадейщиков$bА. С.$4070 _1701#1$aБоголюбов$bК. В.$4070 _tД. Н. Мамин-Сибиряк _aЛадейщиков, А. С. |
|
| 700 | 1 |
_4070 _8rus _7ca _aМамин-Сибиряк _bД. Н. _f1852-1912 _gДмитрий Наркисович _3RU\NLR\AUTH\77149 _9110226 |
|
| 702 | 1 |
_aИванов _bГ.А. _4570 |
|
| 702 | 1 |
_aСвитальский _bВ. _4570 |
|
| 702 | 1 |
_aЖуков _bА. _4440 |
|
| 702 | 1 |
_aМоренин _bП.М. _4570 |
|
| 801 | 0 |
_aRU _bNLR _gpsbo |
|
| 801 | 1 |
_aRU _bELAR _2rusmarc |
|
| 852 |
_aNLR _j35-18/122(1) |
||
| 942 | _cBOOK | ||